00728nam a2200193 a 45000010005000000030005000050050017000100080041000270400020000682450151000882460040002392600038002793000011003176500033003286500051003619420013004129990015004259520094004404391CDMR20131213174201.0130130s1942||||||||||||||||||||||||||||d aCDMRbcatcCDMR 3aEl periodismo es una misiónb: memoria del primer congreso de la Unión de Asociaciones y Sindicatos Periodísticos Nacionales : Venecia, 1942 aCongreso de Prensab: Venecia, 1942 aVienac[1942]bTerramare Institut a192 p.0493445aPeriodismexCongressos049216aAssociacions de professionals i tècnics cMON2udc c4391d4391 00104070aCDMRbCDMRd2013-01-16l0oCi 11/7pCDMR13097043r2013-01-16w2013-01-16yRES